01259nam a2200169Ia 4500001001300000003001000013008004100023040002500064041000700089100002100096245009800117250001100215260002900226300001200255500078600267650003601053b7009-50930 IT-MiCISF161014s9999||||xx |||||||||||||| ||und|| aIT-MiCISFcIT-MiCISF ait aAlfieri Fernanda 0aNella camera degli sposibTomás Sánchez, il matrimonio, la sessualità (secoli XVI-XVII) a1a ed. aBolognabIl Mulinoc2010 app. 423 a / matrimonio-sacramento, sessualità, teologia, storia, cultura, morale-sessuale / Atti, uso dei sensi, gesti con cui i coniugi possono mettersi in relazione, ma anche commozioni e movimenti sottili che sfuggono all'occhio esterno e che solo l'individuo, chiamato all'ascolto di sé e al dialogo con la propria coscienza, può percepire. E' la sfera della "sessualità", intorno alla quale Tomás Sánchez - gesuita spagnolo del XVII secolo - con le sue Disputationes organizza un discorso di eccezionale minuzia, salvifico nei suoi intenti, ma dagli esiti paradossalmente al limite dell'osceno. Questo studio ponderoso, di taglio prettamente storico, ne analizza le ragioni, il contesto intellettuale, le fonti e la controversa ricezione presso le gerarchie ecclesiastiche. a Sessualità / matrimonioe005